000 00590nam a2200205Ia 4500
005 20250507130400.0
008 008 250505s9999 xx 000 0 eng d
020 _a9780822327219
037 _aAnnuals, Advances
040 _aEASL
_beng
_cEASL
041 _aeng
_2eng
084 _aNR42,N9, P1
_qEASL
100 _aAtkins E. Taylor Au.
_9755305
245 0 _aBlue nippon: Authenticating jazz in Japan
250 _a`
260 _aUSA
_bDurham Duke University Press
_c2001
300 _a366p.
942 _cTEXL
_hNR42,N9, P1
999 _c1319371
_d1319371